La Internacional socialista EE.UU. y la crisis en América Central /
Spremljeno u:
| Glavni autor: | |
|---|---|
| Format: | Tekst |
| Oznake: |
Dodaj oznaku
Bez oznaka, Budi prvi tko označuje ovaj zapis!
|
MARC
| LEADER | 00000 a a2200000 04500 | ||
|---|---|---|---|
| 001 | 11989 | ||
| 003 | |||
| 040 | |||
| 100 | |a Oliva Campos, Carlos | ||
| 245 | |a La Internacional socialista EE.UU. y la crisis en América Central / |c Carlos Oliva Campos | ||
| 773 | |g número 4; páginas 43-50 | ||
| 999 | |c 23073 |d 23073 | ||
